000 00586nam a2200157Ia 4500
008 151213s9999 xx 000 0 und d
020 _a984-464-108-x
100 _aআকিমুন রহমান।
245 _aজীবনের রেীদ্র উড়েছিল কয়েকটি ধূলিকণা
_cআকিমুন রহমান।
260 _aঢাকা
_bঅংকুর প্রকাশনী।
_c2004
300 _a8423 p.
650 _aBangla
650 _aBengali Literature
700 _aআকিমুন রহমান।
999 _c4261
_d4261